Padav aur manzile: पड़ाव और मंज़िले (Record no. 224048)
[ view plain ]
| 000 -LEADER | |
|---|---|
| fixed length control field | 00909nam a22002417a 4500 |
| 005 - DATE AND TIME OF LATEST TRANSACTION | |
| control field | 20220721105823.0 |
| 008 - FIXED-LENGTH DATA ELEMENTS--GENERAL INFORMATION | |
| fixed length control field | 220720b ||||| |||| 00| 0 eng d |
| 020 ## - INTERNATIONAL STANDARD BOOK NUMBER | |
| International Standard Book Number | 8187137800 |
| 040 ## - CATALOGING SOURCE | |
| Transcribing agency | Aloy |
| 041 ## - LANGUAGE CODE | |
| Language code of text/sound track or separate title | hin |
| 082 ## - DEWEY DECIMAL CLASSIFICATION NUMBER | |
| Edition number | 23 |
| Classification number | H891.8 |
| Item number | BHAP |
| 100 ## - MAIN ENTRY--PERSONAL NAME | |
| Personal name | Santhosh Bharatiy: संतोष भारतीय |
| 100 ## - MAIN ENTRY--PERSONAL NAME | |
| 9 (RLIN) | 52190 |
| 245 ## - TITLE STATEMENT | |
| Title | Padav aur manzile: पड़ाव और मंज़िले |
| 260 ## - PUBLICATION, DISTRIBUTION, ETC. | |
| Place of publication, distribution, etc. | Nayi Dilli, |
| Name of publisher, distributor, etc. | Bharthi Prakashan, |
| Date of publication, distribution, etc. | 2005 |
| 300 ## - PHYSICAL DESCRIPTION | |
| Extent | 240p. |
| Dimensions | HB |
| Other physical details | 24x16cm. |
| 365 ## - TRADE PRICE | |
| Source of price type code | Hindi |
| 650 ## - SUBJECT ADDED ENTRY--TOPICAL TERM | |
| Topical term or geographic name entry element | Hindi Prose: हिंदी गध्य |
| 9 (RLIN) | 52011 |
| 650 ## - SUBJECT ADDED ENTRY--TOPICAL TERM | |
| Topical term or geographic name entry element | Hindi Literature: हिंदी साहित्य |
| 9 (RLIN) | 52012 |
| 700 ## - ADDED ENTRY--PERSONAL NAME | |
| Personal name | BHARATIY (Santhosh): भारतीय (संतोष) |
| 9 (RLIN) | 52013 |
| 700 ## - ADDED ENTRY--PERSONAL NAME | |
| Personal name | HARIVAMSH: हरिवंश |
| 9 (RLIN) | 52014 |
| 700 ## - ADDED ENTRY--PERSONAL NAME | |
| Personal name | CHATURVEDI (Anurag): चतुर्वेदी (अनुराग) |
| 9 (RLIN) | 52015 |
| 942 ## - ADDED ENTRY ELEMENTS (KOHA) | |
| Source of classification or shelving scheme | Dewey Decimal Classification |
| Koha item type | George Fernandes Collections |
| Withdrawn status | Lost status | Source of classification or shelving scheme | Damaged status | Not for loan | Collection code | Home library | Current library | Date acquired | Total Checkouts | Full call number | Barcode | Date last seen | Price effective from | Koha item type |
|---|---|---|---|---|---|---|---|---|---|---|---|---|---|---|
| Dewey Decimal Classification | Hindi | St Aloysius Library | St Aloysius Library | 03/24/2013 | H891.8 BHAP | GF02651 | 07/20/2022 | 07/20/2022 | George Fernandes Collections |